| 000 | 01534nam a22003017a 4500 | ||
|---|---|---|---|
| 999 |
_c65431 _d65431 |
||
| 005 | 20240530110824.0 | ||
| 008 | 190731s2017 ua b g b 000 0 ara d | ||
| 017 |
_a2017/7005 _bمصر. دار الكتب |
||
| 020 | _a9773223892 | ||
| 040 |
_aEG-CaGPL _cEG-CaGPL |
||
| 082 | 0 | 4 |
_221 _a962.41/ _bهـ ف |
| 100 | 1 | _aهيل، ريتشارد | |
| 245 | 1 | 0 |
_aفيلق النخبة الاسود : _bكتيبة من المجندين المصريين السودانيين مع الجيش الفرنسى فى المكسيك 1863 -1867 والباقون منها فى التاريخ الافريقى اللاحق / _cتاليف ريتشارد هيل، بيتر هوج ؛ ترجمة قاسم عبده قاسم |
| 250 | _aط.1 | ||
| 260 |
_aالقاهرة : _bعين للدراسات و البحوث الانسانية و الاجتماعية، _c.2017 |
||
| 300 |
_a279 ص. : _bخرائط ؛ _c24 سم. |
||
| 504 | _aيشتمل على ارجاعات ببليوجرافية | ||
| 650 | _2qrmak | ||
| 651 | 0 | 7 |
_2qrmak _aافريقيا _xالعلاقات الخارجية _zالمكسيك |
| 651 | 0 | 7 |
_2qrmak _aالمكسيك _xالعلاقات الخارجية _zافريقيا |
| 651 | 0 | 7 |
_2qrmak _aالمكسيك _xالاحوال السياسيه |
| 651 | 0 | 7 |
_2qrmak _aالمكسيك _xتاريخ |
| 653 | 0 | _aالمكسيك - التواجد الافريقى | |
| 700 | 1 |
_aهوج، بيتر _eمؤلف مشارك |
|
| 700 | 0 |
_aقاسم عبده قاسم _eمترجمذ |
|
| 942 |
_2ddc _cBK |
||